01618nkm a2200325 i 45000010005000000030009000050050017000140070006000310080041000371000031000782450114001092600029002233000039002525000035002915110141003265180165004676000053006326000045006856000044007306000026007746000041008006000047008416100070008887100028009587100027009868520025010138560093010389990015011319520146011462969ES-MaACL20250713062525.0khrbo041029s1981 sp --- g |001||spa d0 aAlfonso,d1902-199091985810aHomenaje rendido al escritor aragonés Benjamín Jarnés (1888-1949) [hFotografía] / cAlfonso [sello]. a[S.l. : bs.n.], c1981. a4 fot. : bb. y n. ; c12 x 18 cm. aDatos basados en invitación.0 aIntervienen: Fernando Chueca Goitia, Francisco Ynduráin, Santos Sanz Villanueva, Manuel Andújar, Rafael Conte, José-Carlos Mainer. aActo organizado por el Ateneo de Madrid con la colaboración de Guara Editorial, celebrado en el salón de actos el martes 27 de enero de 1981, a las 20:00 h.17aYnduráin, Francisco,d1910-19942embne911764804aSanz Villanueva, Santos, d1948-910369217aAndújar, Manuel,d1913-19942915829914aConte, Rafael.94027014aMainer, José-Carlos,d1944-97559914aChueca Goitia, Fernando,d1911-200493868824aAteneo de Madrid-xActos culturales-y1981-vFotografías.918922 aAteneo de Madrid.918752 aGuara Editorial.94551 aES-MaACLjFOT 1/19814 uhttp://www.ateneodemadrid.net/biblioteca_digital/imagenes/1981/0001-1981.jpgzVer imagen c2969d2969 001040708Colección_digitalaATENEOMbATENEOMcDEPOZd2008-01-17eSCl0oFOT 1/1981p1003032r2023-02-23 00:00:00w2023-02-23yFOTOGRAFIA